A carregar...
| LEADER | 00570nam a22001811a 4500 | ||
|---|---|---|---|
| 020 | |c 0.00 | ||
| 040 | |a SSUS - Library - Kalady | ||
| 082 | |a H 294.3 |b VIJ/S | ||
| 100 | |a Vijay Kumar Jain | ||
| 245 | |a Sanyuttanikaya pali : ek addhyayan |h [Text] | ||
| 260 | |a Lucknow |b Mythry |c 2004 | ||
| 300 | |a 208p. | ||
| 600 | |a Buddhism | ||
| 600 | |a Religion | ||
| 852 | |h H 294.3 |i VIJ/S |p 051882 |9 200.00 |t 0 | ||
| 942 | |c BK | ||
| 999 | |c 40578 |d 40578 | ||
| 952 | |0 0 |1 0 |4 0 |6 H_294_300000000000000_VIJ_S |7 0 |9 58880 |a SSUS |b SSUS |d 2015-01-08 |g 200.00 |o H 294.3 VIJ/S |p 051882 |r 2015-01-08 |v 0.00 |w 2015-01-08 |y BK | ||